[Event "Let`s play the Nimzo-indian"]
[Site "SchemingMind.com"]
[Date "2012.02.18"]
[Round "-"]
[White "Olli Ylönen"]
[Black "kenneth m day"]
[Result "1/2-1/2"]
[WhiteCountry "FIN"]
[BlackCountry "USA"]
[WhiteElo "1877"]
[WhiteRD "56"]
[BlackElo "1812"]
[BlackRD "56"]
[GameID "303677"]

1. d4 Nf6 2. c4 e6 3. Nc3 Bb4 4. e3 b6 5. Ne2 c5 6. a3 Ba5 7. Rb1 Na6 8. Ng3 Bb7 9. f3 d5 10. cxd5 Nxd5
11. Bd2 Bxc3 12. Bb5+ Kf8 13. bxc3 Nac7 14. O-O Nxb5 15. Rxb5 Ba6 16. a4 Bxb5 17. axb5 h5 18. e4 Nf6 19. dxc5 h4 20. Ne2 Qd3
21. cxb6 axb6 22. Nd4 e5 23. Nc6 Qxb5 24. Nb4 Rd8 25. Qc2 Qe2 26. Rf2 Qb5 27. c4 Qd7 28. c5 bxc5 29. Qxc5+ Qd6 30. Qxd6+ Rxd6
31. Bg5 Ke8 32. Bxf6 Rxf6 33. Nd5 Rc6 34. Ne3 g6 35. Ng4 Ke7 36. Nxe5 Rc1+ 37. Rf1 Rxf1+ 38. Kxf1 Rc8 39. g3 h3 40. Nd3 Rc2
41. Nf2 Ke6 42. Nxh3 Rxh2 43. Nf2 Rh8 44. Kg2 Ra8 45. Ng4 Ra2+ 46. Kh3 Kd6 47. Nh6 f6 48. f4 Ra1 49. Ng4 Ke6 50. Kg2 Ra4
51. e5 fxe5 52. Nxe5 g5 53. Ng4= gxf4 54. gxf4 Rxf4 55. Nf2 Ra4 56. Nd3 Kf5 57. Kf3 Rc4 58. Ke3 Re4+ 59. Kd2 Rd4 60. Kc3 Ke4
61. Nc1 Kd5 62. Ne2= Rh4 63. Kd3 Rh3+ 64. Kd2 Kc4 65. Kc2 Ra3 66. Nc1 Rh3 67. Kd2 Kd4 68. Ne2+ Kc4 69. Kc2 Rh2=
1/2-1/2

[Event "Let`s play the Nimzo-indian"]
[Site "SchemingMind.com"]
[Date "2012.02.20"]
[Round "-"]
[White "kenneth m day"]
[Black "Olli Ylönen"]
[Result "0-1"]
[WhiteCountry "USA"]
[BlackCountry "FIN"]
[WhiteElo "1792"]
[WhiteRD "55"]
[BlackElo "1840"]
[BlackRD "54"]
[GameID "303678"]

1. d4 Nf6 2. c4 e6 3. Nc3 Bb4 4. Qc2 O-O 5. Bg5 c5 6. dxc5 Na6 7. a3 Bxc3+ 8. Qxc3 Nxc5 9. f3 Nfe4 10. Bxd8 Nxc3
11. Be7 Nb3 12. Bxf8 Kxf8 13. Rd1 Nxd1 14. Kxd1 b6 15. e4 Ba6 16. Bd3 Na5 17. Ne2 Bxc4 18. Kd2 Bxd3 19. Kxd3 Rc8 20. Rc1 Rxc1
21. Nxc1 Nc6 22. b4 Ke7 23. Nb3 Kf6 24. f4 g5 25. Ke3 gxf4+ 26. Kxf4 e5+ 27. Ke3 Ke6 28. g4 h6 29. Kd3 d5 30. exd5+ Kxd5
31. Nd2 Ne7 32. Ne4 f5 33. gxf5 Nxf5 34. Nf6+ Ke6 35. Ne4 Nd6 36. Nd2 Kd5 37. Ke3 Nc4+ 38. Nxc4 Kxc4 39. Ke4 Kb3 40. Kxe5 Kxa3
0-1

[Event "Let`s play the Nimzo-indian"]
[Site "SchemingMind.com"]
[Date "2012.02.22"]
[Round "-"]
[White "clario"]
[Black "Olli Ylönen"]
[Result "1-0"]
[WhiteCountry "RSA"]
[BlackCountry "FIN"]
[WhiteElo "2180"]
[WhiteRD "73"]
[BlackElo "1819"]
[BlackRD "52"]
[GameID "303952"]

1. d4 Nf6 2. c4 e6 3. Nc3 Bb4 4. Qc2 O-O 5. a3 Bxc3+ 6. Qxc3 b6 7. Bg5 Ba6 8. Qf3 Nc6 9. e3 h6 10. Bxf6 Qxf6
11. Qxf6 gxf6 12. Nh3 Kg7 13. b4 Ne7 14. Bd3 Bb7 15. O-O h5 16. c5 d6 17. Rac1 Rac8 18. Nf4 Rh8 19. cxd6 cxd6 20. Rxc8 Bxc8
21. Rc1 Nd5 22. Nxd5 exd5 23. Rc7 a6 24. Rc6 Rd8 25. Rxb6
1-0

[Event "Let`s play the Nimzo-indian"]
[Site "SchemingMind.com"]
[Date "2012.02.22"]
[Round "-"]
[White "clario"]
[Black "kenneth m day"]
[Result "1-0"]
[WhiteCountry "RSA"]
[BlackCountry "USA"]
[WhiteElo "2180"]
[WhiteRD "73"]
[BlackElo "1836"]
[BlackRD "57"]
[GameID "303953"]

1. d4 Nf6 2. c4 e6 3. Nc3 Bb4 4. Qc2 d5 5. cxd5 exd5 6. Bg5 c5 7. dxc5 d4 8. O-O-O Nc6 9. Nb5 O-O 10. a3 Ba5
11. e3 a6 12. Nxd4 Qe7 13. Nxc6 bxc6 14. Rd6 Bc7 15. Bxf6 gxf6 16. Rd2 Be5 17. Nf3 Rb8 18. Nd4 Bb7 19. Bd3 Bxd4 20. Bxh7+ Kg7
21. Rxd4 Rh8 22. Rg4+ Kf8 23. Rd4 Bc8 24. Be4 Rb5 25. b4 Bd7 26. Bxc6 Bxc6 27. h4 Bxg2 28. Rg1 Bf3 29. Qf5 Bb7 30. a4 Qe5
31. Rd8+ Ke7 32. Qd7#
1-0

[Event "Let`s play the Nimzo-indian"]
[Site "SchemingMind.com"]
[Date "2012.02.22"]
[Round "-"]
[White "Olli Ylönen"]
[Black "clario"]
[Result "0-1"]
[WhiteCountry "FIN"]
[BlackCountry "RSA"]
[WhiteElo "1819"]
[WhiteRD "52"]
[BlackElo "2180"]
[BlackRD "73"]
[GameID "303954"]

1. d4 Nf6 2. c4 e6 3. Nc3 Bb4 4. Qc2 c5 5. dxc5 O-O 6. Nf3 Na6 7. c6 dxc6 8. a3 Bxc3+ 9. Qxc3 Ne4 10. Qe5 Nac5
11. b4 f6 12. Qf4 Nc3 13. Bd2 N5e4 14. Bxc3 Nxc3 15. Qd4 Qxd4 16. Nxd4 a5 17. b5 e5 18. Nb3 cxb5 19. e3 Be6 20. Nc5 Bxc4
21. Bxc4+ bxc4 22. Rc1 Rfc8 23. Nxb7 Ne4 24. f3 Ra7 25. Nxa5 Nd6 26. Rd1 Nf5 27. Kf2 Rxa5 28. e4 Nd4
0-1

[Event "Let`s play the Nimzo-indian"]
[Site "SchemingMind.com"]
[Date "2012.02.26"]
[Round "-"]
[White "kenneth m day"]
[Black "clario"]
[Result "0-1"]
[WhiteCountry "USA"]
[BlackCountry "RSA"]
[WhiteElo "1859"]
[WhiteRD "56"]
[BlackElo "2094"]
[BlackRD "82"]
[GameID "303955"]

1. d4 Nf6 2. c4 e6 3. Nc3 Bb4 4. Qc2 O-O 5. e4 d5 6. e5 Ne4 7. Bd3 c5 8. Ne2 cxd4 9. Nxd4 Nd7 10. f4 Ndc5
11. a3 Qh4+ 12. g3 Nxg3 13. axb4 Nxh1+ 14. Kf1 Nxd3 15. Be3 Qh3+ 16. Kg1 Qxe3+ 17. Kxh1 dxc4 18. Nde2 b5
0-1

[Event "Let`s play the Nimzo-indian"]
[Site "SchemingMind.com"]
[Date "2012.02.26"]
[Round "-"]
[White "vetran"]
[Black "clario"]
[Result "1/2-1/2"]
[WhiteCountry "NED"]
[BlackCountry "RSA"]
[WhiteElo "1943"]
[WhiteRD "77"]
[BlackElo "2180"]
[BlackRD "73"]
[GameID "304234"]

1. d4 Nf6 2. c4 e6 3. Nc3 Bb4 4. Nf3 c5 5. e3 O-O 6. Bd3 b6 7. O-O Bb7 8. Na4 cxd4 9. exd4 Re8 10. a3 Bf8
11. b4 d6 12. Bb2 g6 13. Re1 Nbd7 14. Bf1 Rc8 15. Nc3 Nh5 16. d5 a6 17. Qd2 Bg7 18. dxe6 fxe6 19. Ne4 Bxb2 20. Qxb2 Ndf6
21. Nfd2 d5 22. Nxf6+ Qxf6 23. Qxf6 Nxf6 24. Rac1 Kf8 25. cxd5 exd5 26. Rxe8+ Nxe8 27. Rxc8 Bxc8 28. f3 Nd6=
1/2-1/2

[Event "Let`s play the Nimzo-indian"]
[Site "SchemingMind.com"]
[Date "2012.03.02"]
[Round "-"]
[White "vetran"]
[Black "Olli Ylönen"]
[Result "1-0"]
[WhiteCountry "NED"]
[BlackCountry "FIN"]
[WhiteElo "2001"]
[WhiteRD "73"]
[BlackElo "1840"]
[BlackRD "54"]
[GameID "304235"]

1. d4 Nf6 2. c4 e6 3. Nc3 Bb4 4. e3 O-O 5. Nf3 d5 6. cxd5 exd5 7. Be2 c6 8. O-O Bd6 9. Ne5 Bf5 10. f4 Nbd7
11. g4 Be4 12. g5 Ne8 13. Nxe4 dxe4 14. Bc4 Kh8 15. Nxf7+ Rxf7 16. Bxf7 Qe7 17. Qh5 Nef6 18. gxf6 Nxf6 19. Qf5 Qxf7 20. b3 Qh5
21. Qxh5 Nxh5 22. Bd2 g6 23. f5 Rf8 24. fxg6 hxg6 25. Rxf8+ Bxf8 26. Rf1 Kg7 27. Bc3 Kg8 28. Kf2 Nf6 29. Ke2 Nd5 30. Bd2 Bb4
31. Bxb4 Nxb4 32. a3 Nd5 33. Kd2 Kg7 34. Rg1 b6 35. Rg5 Kf6 36. Re5 g5 37. h3 b5 38. Rxe4 Kf5 39. Re5+ Kf6 40. e4 Nf4
41. h4 Kg6 42. Rxg5+
1-0

[Event "Let`s play the Nimzo-indian"]
[Site "SchemingMind.com"]
[Date "2012.02.26"]
[Round "-"]
[White "vetran"]
[Black "kenneth m day"]
[Result "1-0"]
[WhiteCountry "NED"]
[BlackCountry "USA"]
[WhiteElo "1943"]
[WhiteRD "77"]
[BlackElo "1836"]
[BlackRD "57"]
[GameID "304236"]

1. d4 Nf6 2. c4 e6 3. Nc3 Bb4 4. Qc2 d5 5. a3 Bxc3+ 6. Qxc3 Ne4 7. Qc2 c5 8. dxc5 Nc6 9. cxd5 exd5 10. Nf3 Bf5
11. b4 Qd7 12. Nh4 Be6 13. Bb2 O-O 14. e3 Qe7 15. Nf3 Rfd8 16. Bd3 f5 17. O-O Qf7 18. Bxe4 fxe4 19. Ng5 Qf5 20. Nxe6 Qxe6
21. Rad1 Ne5 22. Qc3 d4 23. Rxd4 Qf6 24. Rxd8+ Rxd8 25. Qxe5 Qf7 26. Qxe4 Re8 27. Qd4 Qe7 28. Rd1 Qg5 29. Qd7 Qg6 30. Qxb7
1-0

[Event "Let`s play the Nimzo-indian"]
[Site "SchemingMind.com"]
[Date "2012.02.27"]
[Round "-"]
[White "clario"]
[Black "vetran"]
[Result "1-0"]
[WhiteCountry "RSA"]
[BlackCountry "NED"]
[WhiteElo "2180"]
[WhiteRD "73"]
[BlackElo "1943"]
[BlackRD "77"]
[GameID "304237"]

1. d4 Nf6 2. c4 e6 3. Nc3 Bb4 4. Qc2 c5 5. dxc5 O-O 6. a3 Bxc5 7. Nf3 b6 8. Bg5 Bb7 9. e4 h6 10. Bh4 Be7
11. Rd1 d6 12. e5 Ne8 13. Bg3 d5 14. cxd5 exd5 15. Nxd5 Bxd5 16. Bc4 Nc7 17. Bxd5 Nxd5 18. Qb3 Qc8 19. Rxd5 Qb7 20. O-O Nd7
21. Nd4 Nc5 22. Qf3 Ne6 23. Nf5 Rfe8 24. Rfd1 Bf8 25. h3 Rad8 26. Nxg7 Ng5 27. Qg4
1-0

[Event "Let`s play the Nimzo-indian"]
[Site "SchemingMind.com"]
[Date "2012.03.02"]
[Round "-"]
[White "Olli Ylönen"]
[Black "vetran"]
[Result "0-1"]
[WhiteCountry "FIN"]
[BlackCountry "NED"]
[WhiteElo "1840"]
[WhiteRD "54"]
[BlackElo "2001"]
[BlackRD "73"]
[GameID "304238"]

1. d4 Nf6 2. c4 e6 3. Nc3 Bb4 4. Qc2 O-O 5. a3 Bxc3+ 6. Qxc3 Ne4 7. Qc2 f5 8. Nh3 d6 9. f3 Nf6 10. e3 e5
11. dxe5 dxe5 12. Nf2 Nc6 13. b4 f4 14. Bd3 fxe3 15. Bxe3 Nd4 16. Bxd4 exd4 17. O-O c5 18. bxc5 Qc7 19. Ne4 g6 20. Qb2 Nxe4
21. fxe4 Rxf1+ 22. Rxf1 Qxc5 23. Rf4 b6 24. e5 Qxe5 25. Qxd4 Qxd4+ 26. Rxd4 Be6 27. Be4 Rc8 28. Bd5 Bxd5 29. cxd5 Kf7 30. a4 Ke7
31. Kf2 Kd6 32. Ke3 Re8+ 33. Re4 Re5 34. Kd4 Rxd5+ 35. Kc3 Rc5+ 36. Rc4 Rxc4+ 37. Kxc4 a6 38. Kb4 g5 39. h3 h5 40. g3 h4
41. gxh4 gxh4
0-1

[Event "Let`s play the Nimzo-indian"]
[Site "SchemingMind.com"]
[Date "2012.02.27"]
[Round "-"]
[White "kenneth m day"]
[Black "vetran"]
[Result "0-1"]
[WhiteCountry "USA"]
[BlackCountry "NED"]
[WhiteElo "1812"]
[WhiteRD "56"]
[BlackElo "2004"]
[BlackRD "78"]
[GameID "304239"]

1. d4 Nf6 2. c4 e6 3. Nc3 Bb4 4. Qc2 O-O 5. Bg5 c5 6. Nf3 h6 7. Bh4 cxd4 8. Nxd4 Nc6 9. O-O-O Be7 10. e4 Nxd4
11. Rxd4 Qb6 12. Rd1 d6 13. f3 a6 14. Bf2 Qc7 15. g4 d5 16. cxd5 Qf4+ 17. Kb1 Qxf3 18. Rg1 exd5 19. Rg3 Qf4 20. Be3 Qc7
21. exd5 Bxg4 22. Rc1 Qd7 23. Bd3 Bd6 24. Rg2 Rac8 25. Qd2 h5 26. Ne4 Rxc1+ 27. Qxc1 Nxe4 28. Bxe4 Bf5 29. Qc2 Rc8 30. Qd3 Bxe4
31. Qxe4 Re8 32. Qd3 Qe7 33. Bd4 f6 34. Qg6 Qe1+ 35. Kc2 Qe4+ 36. Qxe4 Rxe4 37. Bxf6 Rg4 38. Rxg4 hxg4 39. Bd4 Bxh2 40. Bc5 Kf7
41. Kd2 Be5 42. b3 g3 43. Ke2 Ke8 44. Kf3 Kd7 45. Kg2 Bd6 46. Bd4 g6 47. Bc3 b6 48. Be1 a5 49. Bxg3 Bxg3 50. Kxg3 Kd6
51. Kf4 Kxd5 52. Kg5 Kc5 53. Kxg6 Kb4 54. Kf5 Ka3
0-1

[Event "Let`s play the Nimzo-indian"]
[Site "SchemingMind.com"]
[Date "2012.03.01"]
[Round "-"]
[White "marooned"]
[Black "clario"]
[Result "0-1"]
[WhiteCountry "CHI"]
[BlackCountry "RSA"]
[WhiteElo "1984"]
[WhiteRD "72"]
[BlackElo "2221"]
[BlackRD "70"]
[GameID "304282"]

1. d4 Nf6 2. c4 e6 3. Nc3 Bb4 4. e3 O-O 5. Nf3 d5 6. Bd3 c5 7. O-O Nc6 8. a3 Bxc3 9. bxc3 dxc4 10. Bxc4 Qc7
11. e4 Nxe4 12. Qc2 Nf6 13. dxc5 Ne5 14. Nxe5 Qxe5 15. Be2 Qxc5 16. Be3 Qc7 17. Rad1 b6 18. Bf3 Bb7 19. Bxb7 Qxb7 20. Rd3 Qc7
21. Qa4 Nd5 22. Qd4 Rad8 23. Rfd1 e5 24. Qh4 Nxe3 25. fxe3 Rxd3 26. Rxd3 g6 27. h3 Kg7 28. Qe4 Rc8 29. Qd5 Qe7 30. Qb3 Rc6
31. a4 Qh4 32. Rd7 Qe1+ 33. Kh2 Rf6 34. Qd1 Qxe3 35. Rxa7 Rf2
0-1

[Event "Let`s play the Nimzo-indian"]
[Site "SchemingMind.com"]
[Date "2012.03.03"]
[Round "-"]
[White "marooned"]
[Black "Olli Ylönen"]
[Result "1-0"]
[WhiteCountry "CHI"]
[BlackCountry "FIN"]
[WhiteElo "1997"]
[WhiteRD "71"]
[BlackElo "1816"]
[BlackRD "55"]
[GameID "304283"]

1. d4 Nf6 2. c4 e6 3. Nc3 Bb4 4. e3 O-O 5. Nf3 c5 6. dxc5 Ne4 7. Bd2 Bxc3 8. Bxc3 Nxc5 9. Qd4 f6 10. Qxc5 b6
11. Qd4 Nc6 12. Qd6
1-0

[Event "Let`s play the Nimzo-indian"]
[Site "SchemingMind.com"]
[Date "2012.02.27"]
[Round "-"]
[White "marooned"]
[Black "vetran"]
[Result "1/2-1/2"]
[WhiteCountry "CHI"]
[BlackCountry "NED"]
[WhiteElo "1984"]
[WhiteRD "72"]
[BlackElo "2001"]
[BlackRD "73"]
[GameID "304284"]

1. d4 Nf6 2. c4 e6 3. Nc3 Bb4 4. Qc2 O-O 5. a3 Bxc3+ 6. Qxc3 b6 7. Bg5 Bb7 8. f3 h6 9. Bh4 d5 10. e3 Nbd7
11. cxd5 exd5 12. Bd3 Re8 13. Bf5 g5 14. Bg3 Qe7 15. Bf2 c5 16. Ne2 Ba6 17. Ng3 cxd4 18. Qxd4 Nc5 19. Rd1 Qe5 20. Qxe5 Rxe5
21. b4 Ne6 22. Bxe6 Rxe6 23. Nf5 Kh7 24. Nd4 Re7 25. Rc1= Bc4 26. Kd2 b5 27. Nf5 Re6 28. Nd4 Re7 29. Nf5 Rd7 30. g4 Ng8
31. h4 f6 32. hxg5 fxg5 33. Rh2 Kg6 34. Rch1 Rh7 35. Bg3 a5 36. Bd6 axb4 37. Bxb4 Rc8 38. f4 d4 39. Nxd4 Bd5 40. f5+ Kf6
41. Re1 Be4 42. Rc1 Rxc1 43. Kxc1 Rc7+ 44. Kb2 Bd3 45. Rd2 Bc4 46. Bc3 Kf7 47. e4 Nf6 48. Ne6 Bxe6 49. fxe6+ Kxe6 50. Bxf6=
1/2-1/2

[Event "Let`s play the Nimzo-indian"]
[Site "SchemingMind.com"]
[Date "2012.02.27"]
[Round "-"]
[White "marooned"]
[Black "kenneth m day"]
[Result "1-0"]
[WhiteCountry "CHI"]
[BlackCountry "USA"]
[WhiteElo "1997"]
[WhiteRD "71"]
[BlackElo "1853"]
[BlackRD "56"]
[GameID "304285"]

1. d4 Nf6 2. c4 e6 3. Nc3 Bb4 4. Qc2 d5 5. a3 Bxc3+ 6. Qxc3 Ne4 7. Qc2 c5 8. dxc5 Nc6 9. cxd5 exd5 10. e3 Bf5
11. Bd3 Bg6 12. Nf3 Qe7 13. b4 O-O 14. O-O Rfe8 15. Bb2 Rad8 16. Rad1 Qe6 17. b5 Ne7 18. Nd4 Qg4 19. f3 Qg5 20. fxe4 Qxe3+
21. Kh1 dxe4 22. Be2 Nd5 23. c6 bxc6 24. Nxc6 Rd7 25. Rxd5 Rxd5 26. Ne7+
1-0

[Event "Let`s play the Nimzo-indian"]
[Site "SchemingMind.com"]
[Date "2012.03.03"]
[Round "-"]
[White "clario"]
[Black "marooned"]
[Result "1-0"]
[WhiteCountry "RSA"]
[BlackCountry "CHI"]
[WhiteElo "2180"]
[WhiteRD "73"]
[BlackElo "2011"]
[BlackRD "70"]
[GameID "304286"]

1. d4 Nf6 2. c4 e6 3. Nc3 Bb4 4. Qc2 O-O 5. a3 Bxc3+ 6. Qxc3 Ne4 7. Qc2 f5 8. Nh3 d6 9. f3 Nf6 10. e3 Nbd7
11. Bd3 b6 12. g4 c5 13. O-O Qe7 14. gxf5 e5 15. d5 h6 16. Qg2 Qf7 17. e4 Kh8 18. Kh1 Ba6 19. Rg1 Rab8 20. a4 Nh7
21. Be3 Nhf6 22. Qd2 Qh5 23. Rg3 Qf7 24. Rag1 Nh5 25. Rg6 Ndf6 26. Bxh6
1-0

[Event "Let`s play the Nimzo-indian"]
[Site "SchemingMind.com"]
[Date "2012.03.03"]
[Round "-"]
[White "Olli Ylönen"]
[Black "marooned"]
[Result "0-1"]
[WhiteCountry "FIN"]
[BlackCountry "CHI"]
[WhiteElo "1819"]
[WhiteRD "52"]
[BlackElo "2011"]
[BlackRD "70"]
[GameID "304287"]

1. d4 Nf6 2. c4 e6 3. Nc3 Bb4 4. Qc2 O-O 5. a3 Bxc3+ 6. Qxc3 Ne4 7. Qc2 f5 8. Nh3 d6 9. f3 Nf6 10. e3 Nc6
11. Bd3 e5 12. dxe5 Nxe5 13. Be2 c6 14. O-O Qb6 15. Kh1 h6 16. b4 Bd7 17. e4 fxe4 18. fxe4 Qd4 19. Nf2 Qxa1 20. Bxh6 Qxf1+
21. Bxf1 Nfg4 22. Be3 Nxe3 23. Qe2 N3xc4 24. Qa2 d5 25. h3 Rf7 26. exd5 cxd5 27. g4 Raf8 28. Bxc4 dxc4 29. Ne4 Bc6
0-1

[Event "Let`s play the Nimzo-indian"]
[Site "SchemingMind.com"]
[Date "2012.02.27"]
[Round "-"]
[White "vetran"]
[Black "marooned"]
[Result "1/2-1/2"]
[WhiteCountry "NED"]
[BlackCountry "CHI"]
[WhiteElo "1952"]
[WhiteRD "82"]
[BlackElo "1997"]
[BlackRD "71"]
[GameID "304288"]

1. d4 Nf6 2. c4 e6 3. Nc3 Bb4 4. Nf3 Ne4 5. Qc2 f5 6. g3 b6 7. Bg2 Bb7 8. O-O O-O 9. Nxe4 Bxe4 10. Qb3 Be7
11. Ne1 Bxg2 12. Kxg2 Bf6 13. e3 d6 14. Qc2 Nc6 15. b3 Nb4 16. Qd2 c5 17. Bb2 d5 18. Nf3 Qd6 19. Ne5 Nc6 20. dxc5 bxc5
21. Nxc6 Qxc6 22. cxd5 Qxd5+ 23. Qxd5 exd5 24. Bxf6 Rxf6 25. Rac1=
1/2-1/2

[Event "Let`s play the Nimzo-indian"]
[Site "SchemingMind.com"]
[Date "2012.02.27"]
[Round "-"]
[White "kenneth m day"]
[Black "marooned"]
[Result "0-1"]
[WhiteCountry "USA"]
[BlackCountry "CHI"]
[WhiteElo "1792"]
[WhiteRD "55"]
[BlackElo "1984"]
[BlackRD "72"]
[GameID "304289"]

1. d4 Nf6 2. c4 e6 3. Nc3 Bb4 4. Qc2 O-O 5. Bg5 h6 6. Bh4 b6 7. e4 Nc6 8. Nf3 Be7 9. O-O-O Bb7 10. e5 Nh7
11. Bxe7 Qxe7 12. Bd3 Ng5 13. h4 Nxf3 14. gxf3 Nb4 15. Qe2 Nxd3+ 16. Rxd3 Ba6 17. Rd2 d5 18. b3 Rac8 19. Kb2 c5 20. Qe3 cxd4
21. Rxd4 dxc4 22. bxc4 Qb4+ 23. Kc2 Rxc4 24. Rxc4 Qxc4 25. Rd1 Rc8 26. Kb2 Qb4+ 27. Kc2 Bb5 28. Rd4 Qa3 29. Qd2 Qxa2+ 30. Kd1 Qa1+
31. Kc2 Qa2+ 32. Kd1 Qa1+ 33. Kc2 Ba4+ 34. Kd3 Be8 35. Ne4 Qa3+ 36. Ke2 Bb5+ 37. Kd1 Qa1+
0-1

[Event "Let`s play the Nimzo-indian"]
[Site "SchemingMind.com"]
[Date "2012.03.19"]
[Round "-"]
[White "BlueMooner"]
[Black "clario"]
[Result "0-1"]
[WhiteCountry "ENG"]
[BlackCountry "RSA"]
[WhiteElo "1890"]
[WhiteRD "79"]
[BlackElo "2180"]
[BlackRD "73"]
[GameID "305312"]

1. d4 Nf6 2. c4 e6 3. Nc3 Bb4 4. e3 O-O 5. Bd3 d5 6. Nf3 c5 7. O-O Nc6 8. a3 Bxc3 9. bxc3 dxc4 10. Bxc4 Qc7
11. Bd3 e5 12. dxe5 Nxe5 13. Nxe5 Qxe5 14. Qc2 Rd8 15. f4 Qd5 16. Be2 Bf5 17. Qa4 Qe6 18. h3 Ne4 19. g4 Nxc3 20. gxf5 Nxe2+
21. Kf2 Qf6
0-1

[Event "Let`s play the Nimzo-indian"]
[Site "SchemingMind.com"]
[Date "2012.03.14"]
[Round "-"]
[White "BlueMooner"]
[Black "marooned"]
[Result "0-1"]
[WhiteCountry "ENG"]
[BlackCountry "CHI"]
[WhiteElo "1922"]
[WhiteRD "86"]
[BlackElo "1997"]
[BlackRD "71"]
[GameID "305313"]

1. d4 Nf6 2. c4 e6 3. Nc3 Bb4 4. e3 O-O 5. Ne2 d5 6. a3 Be7 7. cxd5 Nxd5 8. e4 Nxc3 9. bxc3 c5 10. Be3 cxd4
11. cxd4 Nd7 12. Nc3 Qa5 13. Qd2 Bb4 14. Rc1 Bxa3 15. Bd3 Bxc1
0-1

[Event "Let`s play the Nimzo-indian"]
[Site "SchemingMind.com"]
[Date "2012.03.19"]
[Round "-"]
[White "BlueMooner"]
[Black "Olli Ylönen"]
[Result "1/2-1/2"]
[WhiteCountry "ENG"]
[BlackCountry "FIN"]
[WhiteElo "1860"]
[WhiteRD "77"]
[BlackElo "1840"]
[BlackRD "54"]
[GameID "305314"]

1. d4 Nf6 2. c4 e6 3. Nc3 Bb4 4. e3 O-O 5. Bd3 d5 6. Nf3 c5 7. O-O Nc6 8. a3 Bxc3 9. bxc3 Qc7 10. Re1 dxc4
11. Bxc4 e5 12. d5 Na5 13. Ba2 e4 14. Nd2 c4 15. f3 exf3 16. Nxf3 Qc5 17. Qd4 Qxd5 18. Bb2 Nb3 19. Qxd5 Nxd5 20. Rad1 Be6
21. Nd4 Nxd4 22. exd4 Nb6 23. Bc1 Na4 24. Bd2 b5 25. Re5 a6 26. Bb1 Rfd8 27. Rde1 Nb2 28. R5e3 g6 29. Bc1 Na4 30. Bc2 Nb6
31. Bd2 Nd5=
1/2-1/2

[Event "Let`s play the Nimzo-indian"]
[Site "SchemingMind.com"]
[Date "2012.03.18"]
[Round "-"]
[White "BlueMooner"]
[Black "vetran"]
[Result "0-1"]
[WhiteCountry "ENG"]
[BlackCountry "NED"]
[WhiteElo "1860"]
[WhiteRD "77"]
[BlackElo "2001"]
[BlackRD "73"]
[GameID "305315"]

1. d4 Nf6 2. c4 e6 3. Nc3 Bb4 4. e3 c5 5. Bd3 O-O 6. Nf3 d5 7. O-O Nc6 8. a3 Bxc3 9. bxc3 Qc7 10. cxd5 exd5
11. Re1 c4 12. Bc2 Bg4 13. h3 Bh5 14. g4 Bg6 15. Bxg6 fxg6 16. Ng5 Rae8 17. a4 Ne4 18. Nxe4 dxe4 19. Ba3 Rf3 20. Kg2 Qf7
21. Ra2 h5 22. Rh1 Rd8 23. Qb1 Rd5 24. Bc5 Rg5 25. Rh2 hxg4 26. Qxe4 gxh3+ 27. Kh1 Rfg3 28. fxg3 Qf1#
0-1

[Event "Let`s play the Nimzo-indian"]
[Site "SchemingMind.com"]
[Date "2012.03.14"]
[Round "-"]
[White "BlueMooner"]
[Black "kenneth m day"]
[Result "1-0"]
[WhiteCountry "ENG"]
[BlackCountry "USA"]
[WhiteElo "1860"]
[WhiteRD "77"]
[BlackElo "1792"]
[BlackRD "55"]
[GameID "305316"]

1. d4 Nf6 2. c4 e6 3. Nc3 Bb4 4. e3 O-O 5. Ne2 d5 6. a3 Be7 7. cxd5 exd5 8. b4 Bg4 9. Qc2 Re8 10. f3 Bh5
11. Ng3 Bg6 12. Qb3 c6 13. Nge2 h6 14. Ng3 Nbd7 15. Be2 Bd6 16. O-O Qc7 17. Kf2 h5 18. Re1 h4 19. Nf1 Bf5 20. b5 g5
21. g4 Bxh2 22. Rd1 Bg3+ 23. Kg2 Bg6 24. Bd2 Kg7 25. Rac1 Rh8 26. Kh3 Ng8 27. Nxd5 Qd6 28. Nb4 f5 29. bxc6 bxc6 30. Rxc6 fxg4+
31. fxg4 Qf8 32. Bd3 Bxd3 33. Qxd3 Ne7 34. Re6 Re8 35. Nxg3 Qf2 36. Rxe7+ Rxe7 37. Nf5+ Kf8 38. Rf1
1-0

[Event "Let`s play the Nimzo-indian"]
[Site "SchemingMind.com"]
[Date "2012.03.19"]
[Round "-"]
[White "clario"]
[Black "BlueMooner"]
[Result "1/2-1/2"]
[WhiteCountry "RSA"]
[BlackCountry "ENG"]
[WhiteElo "2180"]
[WhiteRD "73"]
[BlackElo "1890"]
[BlackRD "79"]
[GameID "305317"]

1. d4 Nf6 2. c4 e6 3. Nc3 Bb4 4. Qc2 O-O 5. a3 Bxc3+ 6. Qxc3 d5 7. Bg5 h6 8. Bxf6 Qxf6 9. Nf3 c6 10. e3 a6
11. Bd3 Nd7 12. O-O Re8 13. Rfd1 e5 14. Nxe5 Nxe5 15. dxe5 Qxe5 16. Qxe5 Rxe5 17. cxd5 cxd5=
1/2-1/2

[Event "Let`s play the Nimzo-indian"]
[Site "SchemingMind.com"]
[Date "2012.03.14"]
[Round "-"]
[White "marooned"]
[Black "BlueMooner"]
[Result "1/2-1/2"]
[WhiteCountry "CHI"]
[BlackCountry "ENG"]
[WhiteElo "2011"]
[WhiteRD "70"]
[BlackElo "1890"]
[BlackRD "79"]
[GameID "305318"]

1. d4 Nf6 2. c4 e6 3. Nc3 Bb4 4. e3 O-O 5. Bd3 d5 6. Nf3 c5 7. O-O dxc4 8. Bxc4 Nc6 9. a3 Ba5 10. Qc2 cxd4
11. Rd1 Qe7 12. Nxd4 Nxd4 13. exd4 a6 14. Bg5 b5 15. Bd3 h6 16. Bf4 Bb7 17. Rac1 Rac8 18. Qe2 Nd5 19. Nxd5 Bxd5 20. Qg4 Rxc1
21. Rxc1 Kh8 22. Qh5 Qf6 23. Be5 Qg5 24. Qxg5 hxg5=
1/2-1/2

[Event "Let`s play the Nimzo-indian"]
[Site "SchemingMind.com"]
[Date "2012.03.19"]
[Round "-"]
[White "Olli Ylönen"]
[Black "BlueMooner"]
[Result "1-0"]
[WhiteCountry "FIN"]
[BlackCountry "ENG"]
[WhiteElo "1819"]
[WhiteRD "52"]
[BlackElo "1890"]
[BlackRD "79"]
[GameID "305319"]

1. d4 Nf6 2. c4 e6 3. Nc3 Bb4 4. Qc2 d5 5. cxd5 exd5 6. Bg5 c5 7. dxc5 h6 8. Bxf6 Qxf6 9. e3 O-O 10. Ne2 Na6
11. Nd4 Re8 12. Bxa6 bxa6 13. O-O Bb7 14. a3 Ba5 15. b4 Bc7 16. Rfe1 Re4 17. Nxe4 dxe4 18. c6 Bc8 19. Qxe4 Qd6 20. Nf3 g5
21. Qe8+ Kg7 22. Red1 Qf6 23. Nd4
1-0

[Event "Let`s play the Nimzo-indian"]
[Site "SchemingMind.com"]
[Date "2012.03.19"]
[Round "-"]
[White "vetran"]
[Black "BlueMooner"]
[Result "1-0"]
[WhiteCountry "NED"]
[BlackCountry "ENG"]
[WhiteElo "2001"]
[WhiteRD "73"]
[BlackElo "1860"]
[BlackRD "77"]
[GameID "305320"]

1. d4 Nf6 2. c4 e6 3. Nc3 Bb4 4. Qc2 O-O 5. a3 Bxc3+ 6. Qxc3 d5 7. Bg5 c5 8. dxc5 d4 9. Qc2 e5 10. e3 h6
11. Bh4 Qe7 12. Be2 Nbd7 13. exd4 exd4 14. Nf3 d3 15. Qxd3 Nxc5 16. Qc2 g5 17. Bg3 Re8 18. Nd4 Nfe4 19. O-O f5 20. b4 Nxg3
21. hxg3 Ne4 22. c5 Kh8 23. Bc4 f4 24. Rfe1 Qg7 25. Rxe4
1-0

[Event "Let`s play the Nimzo-indian"]
[Site "SchemingMind.com"]
[Date "2012.03.19"]
[Round "-"]
[White "kenneth m day"]
[Black "BlueMooner"]
[Result "1-0"]
[WhiteCountry "USA"]
[BlackCountry "ENG"]
[WhiteElo "1853"]
[WhiteRD "56"]
[BlackElo "1922"]
[BlackRD "86"]
[GameID "305321"]

1. d4 Nf6 2. c4 e6 3. Nc3 Bb4 4. Qc2 d5 5. a3 Bxc3+ 6. Qxc3 Ne4 7. Qc2 e5 8. dxe5 Bf5 9. Qb3 Na6 10. Be3 c5
11. Nf3 Qa5+ 12. Bd2 Nxd2 13. Nxd2 dxc4 14. Qxc4 b5 15. Qd5 Rd8 16. Qc6+ Kf8 17. O-O-O Qa4 18. e4 Rxd2 19. Rxd2
1-0